000 00955nam a2200265Ia 4500
003 OSt
005 20221005105721.0
006 a|||||r|||| 00| 0
007 ta
008 221004b |||||||| |||| 00| 0 san d
020 _a9789387195530 (hbk)
_cINR 595.00
024 _a66063
037 _b342, 04/03/2020, Shivalik Prakashan
_cTextual
040 _aCRL
_cCRL
_bsan
041 _2san
_asan
082 _aR635:g, 152Q9
100 _aजवाहर लाल, ले.
245 0 _aयोग दर्शन के आधारभूत सिद्धान्त
246 _aYog darshan ke ādhārabhūt siddhānta
260 _aनई दिल्ली
_bशिवालिक प्रकाशन भारत
_c2019
300 _a159पृ0
_ccm.
650 _aयोग
942 _hR635:g, 152Q9
_cTEXL
_2cc
999 _c1016683
_d1016683